000 00602nam a2200229Ia 4500
005 20230706135438.0
008 131103s9999 xx 000 0 und d
020 _a415092795
_cGBP 6.99
040 _aLoreto College
041 _aEnglish
082 _a947.05
_bLEE
100 _aLee, Stephen J.
245 _aPeter the Great
_cStephen J. Lee
260 _aLondon and New York
_bRoutledge
_c1993
300 _ax,78p
_b maps
440 _aLancaster Pamphlets
504 _aIncludes bibliography
650 _aPeter I, 1689-1725
651 _aRussia, History
850 _aLCLIB
942 _cBK
999 _c10990
_d61469